000 01207pam a2200289 a 4500
999 _c128922
_d128922
001 4679708
003 ARRUPE
005 20190208121435.0
008 811102s1982 enkab b 101 0 eng
010 _a 81017992
020 _a0521244064
040 _aDLC
_cDLC
_dDLC
050 0 0 _aSPC. CC51
_b.S986 1982
082 0 0 _a930.1/01
_219
245 0 0 _aSymbolic and structural archaeology /
_cedited by Ian Hodder for the Cambridge seminar on symbolic and structural archaeology.
260 _aCambridge [Cambridgeshire] ;
_aNew York, N.Y. :
_bCambridge University Press,
_c1982.
300 _aviii, 188 p. :
_bill., maps ;
_c29 cm.
440 0 _aNew directions in archaeology
_943933
504 _aIncludes bibliographies and index.
650 0 _aArchaeology
_xPhilosophy
_xCongresses.
_944452
700 1 _aHodder, Ian.
_944453
_eed.
710 2 _aUniversity of Cambridge.
_944454
856 4 2 _3Publisher description
_uhttp://www.loc.gov/catdir/enhancements/fy0703/81017992-d.html
856 4 1 _3Table of contents only
_uhttp://www.loc.gov/catdir/enhancements/fy0703/81017992-t.html
906 _a7
_bcbc
_corignew
_d1
_eocip
_f19
_gy-gencatlg
942 _2lcc
_cSPC